000 00399 a2200169 4500
001 188923
020 _a978-85-16-06551-5
040 _cMagnum
100 _aMc Donald, Megan
240 1 0 _aJudy moody na universidade
_lpor
245 1 0 _aJudy moody na universidade
300 _a158
362 0 _a2010
440 1 _aSalamandra
697 _aLITERATURA INFANTO-JUVENIL ESTRANGEIRA
942 _cBK
999 _c188923
_d188923